Динамика изменения элементного состава природной среды по данным изучения гербарных и современных сборов растений юга Сибири: автореферат диссертации на соискание ученой степени кандидата геолого-минералогических наук; спец. 25.00.36

Dades bibliogràfiques
Autor principal: Черненькая Е. В. Елена Владимировна
Autor corporatiu: Национальный исследовательский Томский политехнический университет (ТПУ)
Altres autors: Барановская Н. В. Наталья Владимировна (научный руководитель)
Sumari:Защита сост. 24.06.2016 г.
Idioma:rus
Publicat: Томск, [Б. и.], 2016
Matèries:
Format: MixedMaterials Llibre
KOHA link:https://koha.lib.tpu.ru/cgi-bin/koha/opac-detail.pl?biblionumber=322617

MARC

LEADER 00000nam0a2200000 4500
001 322617
005 20231215163052.0
035 |a (RuTPU)RU\TPU\book\348176 
090 |a 322617 
100 |a 20160930d2016 k y0rusy50 ca 
101 0 |a rus 
102 |a RU 
105 |a a dm 001zy 
200 1 |a Динамика изменения элементного состава природной среды по данным изучения гербарных и современных сборов растений юга Сибири  |e автореферат диссертации на соискание ученой степени кандидата геолого-минералогических наук  |e спец. 25.00.36  |f Е. В. Черненькая  |g Национальный исследовательский Томский политехнический университет (ТПУ) ; науч. рук. Н. В. Барановская 
210 |a Томск  |c [Б. и.]  |d 2016 
215 |a 22 с.  |c ил. 
300 |a Защита сост. 24.06.2016 г. 
320 |a Библиогр.: с. 21-22 (7 назв.) 
606 1 |a Окружающая среда  |x Биологический контроль  |2 stltpush  |3 (RuTPU)RU\TPU\subj\70427  |9 84688 
610 1 |a биосфера 
610 1 |a геохимия 
610 1 |a изменения 
610 1 |a растения-индикаторы 
610 1 |a использование 
610 1 |a ядерный техногенез 
610 1 |a Сибирь 
610 1 |a геоэкологическая обстановка 
610 1 |a элементный состав 
610 1 |a историческая реконструкция 
610 1 |a черника 
610 1 |a лабазник вязолистный 
610 1 |a плутоний 
610 1 |a содержание 
610 1 |a авторефераты диссертаций 
610 1 |a труды учёных ТПУ 
610 1 |a биоиндикация 
675 |a 504.064(04)  |v 4 
686 |a 25.00.36  |2 oksvnk 
700 1 |a Черненькая  |b Е. В.  |g Елена Владимировна 
702 1 |a Барановская  |b Н. В.  |c геохимик  |c профессор Томского политехнического университета, доктор биологических наук  |f 1970-  |g Наталья Владимировна  |3 (RuTPU)RU\TPU\pers\26055  |4 727  |9 11894 
712 0 2 |a Национальный исследовательский Томский политехнический университет (ТПУ)  |c (2009- )  |3 (RuTPU)RU\TPU\col\15902 
801 1 |a RU  |b 63413507  |c 20160930 
801 2 |a RU  |b 63413507  |c 20220930  |g RCR 
942 |c BK